<?xml version="1.0" encoding="UTF-8"?>
<record
    xmlns:xsi="http://www.w3.org/2001/XMLSchema-instance"
    xsi:schemaLocation="http://www.loc.gov/MARC21/slim http://www.loc.gov/standards/marcxml/schema/MARC21slim.xsd"
    xmlns="http://www.loc.gov/MARC21/slim">

  <leader>03566njm a2200505Ia 4500</leader>
  <controlfield tag="001">40007</controlfield>
  <controlfield tag="003">IT-RoPAU</controlfield>
  <controlfield tag="005">20220918181157.0</controlfield>
  <controlfield tag="008">131025s9999    xx            000 0 und d</controlfield>
  <datafield tag="040" ind1=" " ind2=" ">
    <subfield code="a">IT-RoPAU</subfield>
  </datafield>
  <datafield tag="040" ind1=" " ind2=" ">
    <subfield code="c">IT-RoPAU</subfield>
  </datafield>
  <datafield tag="999" ind1=" " ind2=" ">
    <subfield code="c">102676</subfield>
    <subfield code="d">102676</subfield>
  </datafield>
  <datafield tag="999" ind1=" " ind2=" ">
    <subfield code="b">n.d.</subfield>
  </datafield>
  <datafield tag="100" ind1=" " ind2=" ">
    <subfield code="a">AA.VV.</subfield>
    <subfield code="9">794</subfield>
  </datafield>
  <datafield tag="100" ind1=" " ind2=" ">
    <subfield code="e">Autore musica</subfield>
    <subfield code="9">20420</subfield>
  </datafield>
  <datafield tag="100" ind1=" " ind2=" ">
    <subfield code="g">Codice autore musica SPICS: 12000</subfield>
    <subfield code="9">796</subfield>
  </datafield>
  <datafield tag="245" ind1=" " ind2=" ">
    <subfield code="a">Motivi celebri di tutto il mondo (04)</subfield>
  </datafield>
  <datafield tag="250" ind1=" " ind2=" ">
    <subfield code="a">1a ed.</subfield>
  </datafield>
  <datafield tag="260" ind1=" " ind2=" ">
    <subfield code="a">ITALIA</subfield>
  </datafield>
  <datafield tag="260" ind1=" " ind2=" ">
    <subfield code="b">SELEZIONE</subfield>
  </datafield>
  <datafield tag="300" ind1=" " ind2=" ">
    <subfield code="a">DISCO</subfield>
  </datafield>
  <datafield tag="500" ind1=" " ind2=" ">
    <subfield code="a">Musica strumentale. Colonne sonore di films vari</subfield>
  </datafield>
  <datafield tag="505" ind1=" " ind2=" ">
    <subfield code="a">II giro del mondo in 80 giorni (dal film omonimo) - Tema del terzo uomo (da "Il Terzo uomo") - Rapsodia di Cornovaglia (da "Love Story") - Carioca (dal film omonimo) - Il tema di Terry (da "Luci alla ribalta") - Falling In Love Again (da "L'Angelo azzurro") - Begin the Beguine (da "Night and Day") - La marcia dei piccoli siamesi (da "Il re ed io") - Il sogno di Olwen (da "While I Live") - Tre soldi nella fontana (dal film omonimo) - Non dimenticar (da "Anna") - High Moon (da "Mezzogiorno di fuoco")</subfield>
  </datafield>
  <datafield tag="511" ind1=" " ind2=" ">
    <subfield code="a">Malcolm Lockyer e la sua Orchestra</subfield>
  </datafield>
  <datafield tag="650" ind1=" " ind2=" ">
    <subfield code="a">COLONNE SONORE [DISCHI]</subfield>
    <subfield code="e">Codice MATERIA SPICS: 9950</subfield>
    <subfield code="9">1905</subfield>
  </datafield>
  <datafield tag="700" ind1=" " ind2=" ">
    <subfield code="a">Young Victor</subfield>
    <subfield code="d">Codice autore musica SPICS: 11205</subfield>
    <subfield code="e">Autore musica</subfield>
    <subfield code="p">II giro del mondo in 80 giorni (dal film omonimo)</subfield>
    <subfield code="9">20421</subfield>
  </datafield>
  <datafield tag="700" ind1=" " ind2=" ">
    <subfield code="a">Adamson</subfield>
    <subfield code="d">Codice autore SPICS: 20472</subfield>
    <subfield code="e">Autore</subfield>
    <subfield code="p">II giro del mondo in 80 giorni (dal film omonimo)</subfield>
    <subfield code="9">20422</subfield>
  </datafield>
  <datafield tag="700" ind1=" " ind2=" ">
    <subfield code="a">Karas Anton</subfield>
    <subfield code="d">Codice autore musica SPICS: 15996</subfield>
    <subfield code="e">Autore musica</subfield>
    <subfield code="p">Tema del terzo uomo (da "Il Terzo uomo")</subfield>
    <subfield code="9">20423</subfield>
  </datafield>
  <datafield tag="700" ind1=" " ind2=" ">
    <subfield code="a">Bath Hubert</subfield>
    <subfield code="d">Codice autore musica SPICS: 28513</subfield>
    <subfield code="e">Autore musica</subfield>
    <subfield code="p">Rapsodia di Cornovaglia (da "Love Story")</subfield>
    <subfield code="9">20424</subfield>
  </datafield>
  <datafield tag="700" ind1=" " ind2=" ">
    <subfield code="a">Youmans Vincent</subfield>
    <subfield code="d">Codice autore musica SPICS: 16157</subfield>
    <subfield code="e">Autore musica</subfield>
    <subfield code="p">Carioca (dal film omonimo)</subfield>
    <subfield code="9">20425</subfield>
  </datafield>
  <datafield tag="700" ind1=" " ind2=" ">
    <subfield code="a">Kahn</subfield>
    <subfield code="d">Codice autore SPICS: 19977</subfield>
    <subfield code="e">Autore</subfield>
    <subfield code="p">Carioca (dal film omonimo)</subfield>
    <subfield code="9">20426</subfield>
  </datafield>
  <datafield tag="700" ind1=" " ind2=" ">
    <subfield code="a">Eliscu </subfield>
    <subfield code="d">Codice autore testo/musica SPICS: 20432</subfield>
    <subfield code="e">Autore testo/musica</subfield>
    <subfield code="p">Carioca (dal film omonimo)</subfield>
    <subfield code="9">20427</subfield>
  </datafield>
  <datafield tag="700" ind1=" " ind2=" ">
    <subfield code="a">Chaplin Charlie (Charlot)</subfield>
    <subfield code="d">Codice autore musica SPICS: 8134</subfield>
    <subfield code="e">Autore musica</subfield>
    <subfield code="p">Il tema di Terry (da "Luci alla ribalta")</subfield>
    <subfield code="9">20428</subfield>
  </datafield>
  <datafield tag="700" ind1=" " ind2=" ">
    <subfield code="a">Hollander</subfield>
    <subfield code="d">Codice autore musica SPICS: 23710</subfield>
    <subfield code="e">Autore musica</subfield>
    <subfield code="p">Falling In Love Again (da "L'Angelo azzurro")</subfield>
    <subfield code="9">20429</subfield>
  </datafield>
  <datafield tag="700" ind1=" " ind2=" ">
    <subfield code="a">Lerner Alan Jay</subfield>
    <subfield code="d">Codice autore SPICS: 27495</subfield>
    <subfield code="e">Autore</subfield>
    <subfield code="p">Falling In Love Again (da "L'Angelo azzurro")</subfield>
    <subfield code="9">20430</subfield>
  </datafield>
  <datafield tag="700" ind1=" " ind2=" ">
    <subfield code="a">Porter Cole</subfield>
    <subfield code="d">Codice autore musica SPICS: 13034</subfield>
    <subfield code="e">Autore musica</subfield>
    <subfield code="p">Begin the Beguine (da "Night and Day")</subfield>
    <subfield code="9">20431</subfield>
  </datafield>
  <datafield tag="700" ind1=" " ind2=" ">
    <subfield code="a">Rodgers Richard</subfield>
    <subfield code="d">Codice autore musica SPICS: 11120</subfield>
    <subfield code="e">Autore musica</subfield>
    <subfield code="p">La marcia dei piccoli siamesi (da "Il re ed io")</subfield>
    <subfield code="9">20432</subfield>
  </datafield>
  <datafield tag="700" ind1=" " ind2=" ">
    <subfield code="a">Williams Charles</subfield>
    <subfield code="d">Codice autore musica SPICS: 28514</subfield>
    <subfield code="e">Autore musica</subfield>
    <subfield code="p">Il sogno di Olwen (da "While I Live")</subfield>
    <subfield code="9">20433</subfield>
  </datafield>
  <datafield tag="700" ind1=" " ind2=" ">
    <subfield code="a">Styne Jules</subfield>
    <subfield code="d">Codice autore musica SPICS: 11167</subfield>
    <subfield code="e">Autore musica</subfield>
    <subfield code="p">Tre soldi nella fontana (dal film omonimo)</subfield>
    <subfield code="9">20434</subfield>
  </datafield>
  <datafield tag="700" ind1=" " ind2=" ">
    <subfield code="a">Cahn Sammy</subfield>
    <subfield code="d">Codice autore SPICS: 13947</subfield>
    <subfield code="e">Autore</subfield>
    <subfield code="p">Tre soldi nella fontana (dal film omonimo)</subfield>
    <subfield code="9">20435</subfield>
  </datafield>
  <datafield tag="700" ind1=" " ind2=" ">
    <subfield code="a">Vatro</subfield>
    <subfield code="d">Codice autore musica SPICS: 28515</subfield>
    <subfield code="e">Autore musica</subfield>
    <subfield code="p">Non dimenticar (da "Anna")</subfield>
    <subfield code="9">20436</subfield>
  </datafield>
  <datafield tag="700" ind1=" " ind2=" ">
    <subfield code="a">Giordano</subfield>
    <subfield code="d">Codice autore SPICS: 22573</subfield>
    <subfield code="e">Autore</subfield>
    <subfield code="p">Non dimenticar (da "Anna")</subfield>
    <subfield code="9">20437</subfield>
  </datafield>
  <datafield tag="700" ind1=" " ind2=" ">
    <subfield code="a">Tiomkin Dimitri</subfield>
    <subfield code="d">Codice autore musica SPICS: 11173</subfield>
    <subfield code="e">Autore musica</subfield>
    <subfield code="p">High Moon (da "Mezzogiorno di fuoco")</subfield>
    <subfield code="9">20438</subfield>
  </datafield>
  <datafield tag="700" ind1=" " ind2=" ">
    <subfield code="a">Washington Dinah</subfield>
    <subfield code="d">Codice autore SPICS: 17454</subfield>
    <subfield code="e">Autore</subfield>
    <subfield code="p">High Moon (da "Mezzogiorno di fuoco")</subfield>
    <subfield code="9">20439</subfield>
  </datafield>
  <datafield tag="942" ind1=" " ind2=" ">
    <subfield code="c">MD</subfield>
    <subfield code="2">ddc</subfield>
  </datafield>
  <datafield tag="952" ind1=" " ind2=" ">
    <subfield code="0">0</subfield>
    <subfield code="1">0</subfield>
    <subfield code="4">0</subfield>
    <subfield code="6">40007_000000000000000</subfield>
    <subfield code="7">1</subfield>
    <subfield code="a">SPICS</subfield>
    <subfield code="b">SPICS</subfield>
    <subfield code="d">2013-10-25</subfield>
    <subfield code="l">0</subfield>
    <subfield code="o">40007</subfield>
    <subfield code="r">2013-10-25 00:00:00</subfield>
    <subfield code="w">2013-10-25</subfield>
    <subfield code="y">MD</subfield>
    <subfield code="z">Progr. Ins.: 13823 / N.Vol.: 1 / Copie: 1 - Copia rara: n.d. / date import: 01.01.2014 - By Epidotti, Trombetti, Vaglietti</subfield>
  </datafield>
</record>
